BIBLIOTHÈQUE DE LA MAISON DU MEXIQUE

Logo 1 Logo 2

Datos sobre la historia de la Institución consular (notice nᵒ 9881)

détails MARC
000 -Sello discográfico
campo de control de longitud fija 01155nam a2200349 4500
005 - Identificación de versión
campo de control 20251016083150.0
035 ## - Otros números de control del sistema
Número de control del sistema 14213
099 ## - fechas locales
Tipo de ítem Koha LIBRO
100 ## - Datos de procesamiento general
Datos de procesamiento general 20031113d1928 m y1spay5003 ba
105 ## - Campo de datos codificados: Material textual, monográfico
Datos codificados de monografía y 001zy
200 1# - Título y mención de responsabilidad
Título propio Datos sobre la historia de la Institución consular
Designación general del material texto impreso
Otra información del título prerrogativas y privilegios de los Cónsules
Primer mención de responsabilidad Constantino Stameschkine
210 ## - Publicación, distribución, etc.
Lugar de publicación, distribución, etc. Amberes
Nombre del editor, distribuidor, etc. Consulado General de México en Amberes
Fecha de publicación, distribución, etc. 1928
215 ## - Descripción física
Designación de material específico y extensión del ítem 23 p
Dimensiones 23 cm
300 ## - Notas generales
Texto de la nota Conferencia leída ante la Asociación Consular Mexicana de Bélgica, Holanda y Luxemburgo, durante su segunda asamblea celebrada en Bruselas el 13 de abril de 1928
318 ## - Nota de acción
Acción No se presta a domicilio
345 ## - Nota de información de adquisición
Fuente de adquisición/dirección de la suscripción [OBSOLETO] Donación
606 ## - Término temático usado como materia
Elemento de entrada Servicios diplomático y consular
Subdivisión geográfica México
Número Koha 4805
660 ## - Código de área geográfica
Código MX
676 ## - Clasificación Decimal Dewey
Número R341.7 S783d 1928
700 ## - Nombre personal - Responsabilidad primaria
Elemento de entrada Stameschkine
Parte del nombre distinta del elemento de entrada Constantino
Número Koha 16324
801 #0 - Fuente de origen
Agencia cm
900 ## -
-- 1/4942
900 ## -
-- 7100316700\131103
942 ## - ELEMENTOS DE ENTRADA SECUNDARIOS (KOHA)
Tipo de ítem Koha Livre

Pas d'exemplaire disponible.